000 00708nam a2200241Ia 4500
003 OSt
005 20220923214806.0
006 a|||||r|||| 00| 0
007 ta
008 220922b |||||||| |||| 00| 0 hin d
024 _a172,903
037 _cTextual
040 _aARTS
_cARTS
_bhin
041 _2hin
_ahin
082 _aO152,1N05x, K5
100 _aहर्ष चन्द्र, संपा.
245 0 _aसूक्ति संचयन
246 _aSūkti sanchayana
260 _c1965
650 _aहिन्दी साहित्य
_9156264
942 _hO152,1N05x, K5
_cTEXL
_2CC
999 _c326810
_d326810